| 000 | 01465nam a22002537a 4500 | ||
|---|---|---|---|
| 003 | NALT | ||
| 005 | 20240724233216.0 | ||
| 008 | s2547 th tha d | ||
| 020 | _a9747195933 | ||
| 040 | _aNALT | ||
| 041 | _atha | ||
| 050 |
_aNA6022.Ph51 _bศ677ค 2547 |
||
| 100 | 0 | _aธัญลักษณ์ คุณาบรรจง | |
| 245 | 1 | 0 | _aคุณลักษณะสถาปัตยกรรมพื้นถิ่น จังหวัดพิษณุโลก โครงการสำรวจ รังวัด กลุ่มอาคารไม้ในเขตสังฆาวาส วัดไผ่ขอน้ำ ต.มะตูม อ.พรหมพิราม |
| 260 | 3 |
_aพิษณุโลก : _bคณะสถาปัตยกรรมศาสตร์ มหาวิทยาลัยนเรศวร, _c2547 |
|
| 300 |
_a93 หน้า : _bภาพประกอบ, ตาราง ; _c30 ซม. |
||
| 650 | 0 | 4 | _aวัด -- พิษณุโลก -- วิจัย |
| 650 | 0 | 4 | _aวัดไผ่ขอน้ำ -- การออกแบบและการสร้าง -- วิจัย |
| 650 | 0 | 4 | _aสถาปัตยกรรมพื้นถิ่น -- วิจัย |
| 650 | 0 | 4 | _aสถาปัตยกรรมไทย -- วิจัย |
| 850 | _aNALT | ||
| 942 |
_cRSH _2lcc |
||
| 999 |
_c43326 _d43326 |
||
| 998 |
_j109 _k อารีรัตน์ วิชาช่าง |
||